000 00309nam a2200109 4500
999 _c11100
_d11100
008 181012b ||||| |||| 00| 0 eng d
245 _aNorovirus at Olympics:
_bOfficials scrambling, worried.
260 _aDavao City
_bSun Star Davao
_cc2018
300 _apage 15.
650 0 _932117
_aVirus.
942 _2ddc
_cPER